| 000 -LEADER |
| fixed length control field |
01271nam a2200205Ia 4500 |
| 008 - FIXED-LENGTH DATA ELEMENTS--GENERAL INFORMATION |
| fixed length control field |
200103s 2012 ||||xx |||||||||||||| ||und|| |
| 020 ## - INTERNATIONAL STANDARD BOOK NUMBER |
| International Standard Book Number |
9789280115444 |
| 082 ## - DEWEY DECIMAL CLASSIFICATION NUMBER |
| Classification number |
343.096 |
| Item number |
IMO |
| 110 ## - MAIN ENTRY--CORPORATE NAME |
| Corporate name or jurisdiction name as entry element |
International Maritime Organization |
| 245 #0 - TITLE STATEMENT |
| Title |
Guide to maritime security and the ISPS code |
| 250 ## - EDITION STATEMENT |
| Edition statement |
2012ed |
| 260 ## - PUBLICATION, DISTRIBUTION, ETC. (IMPRINT) |
| Name of publisher, distributor, etc |
International Maritime Organization |
| Date of publication, distribution, etc |
2012 |
| Place of publication, distribution, etc |
London |
| 300 ## - PHYSICAL DESCRIPTION |
| Extent |
xv, 369 p. |
| 504 ## - BIBLIOGRAPHY, ETC. NOTE |
| Bibliography, etc |
Introduction<br/>Security responsibilities of Governments and their national authorities<br/>Security responsibilities of port facility and port operators<br/>Security responsibilities of ship operators<br/>Framework for conducting security assessments<br/>Resolutions of the Conference of Contracting Governments to the International Convention for the Safety of Life at Sea, 1974, adopted in December 2002<br/>ISPS Code.<br/> |
| 520 ## - SUMMARY, ETC. |
| Summary, etc |
This guide consolidates existing IMO maritime security-related materials into a companion guide to SOLAS chapter X1-2 and the ISPS Code to assist States in promoting maritime security through development of the the requisite legal framework, associated administrative practices, procedures and technical and human resources. |
| 650 ## - SUBJECT ADDED ENTRY--TOPICAL TERM |
| Topical term or geographic name as entry element |
Shipping |
| 650 ## - SUBJECT ADDED ENTRY--TOPICAL TERM |
| Topical term or geographic name as entry element |
Harbors |
| 650 ## - SUBJECT ADDED ENTRY--TOPICAL TERM |
| Topical term or geographic name as entry element |
Security measures |
| 942 ## - ADDED ENTRY ELEMENTS (KOHA) |
| Item type |
Reference book |